000 00547nam a2200193Ia 4500
003 GCL
008 140319s9999 xx 000 0 ara d
040 _aGCL /
_cGCL
082 0 4 _aق
_b726.1
_bط ن
100 1 _aطارق والى
245 1 0 _aنهج الواحد فى عمارة المساجد /
_cطارق والى
260 _a[S.N] :
_bاصدارات بيت القران ،
_c1993
300 _a359 ص
490 _a
650 0 4 _aالعالم العربى
650 0 4 _aالمساجد
650 0 4 _aالعمارة
942 _2ddc
_cBK
999 _c58000
_d58000